[Event "New York qual"]
[Site "New York"]
[Date "2023.07.07"]
[Round "2"]
[White "Mottola, Max"]
[Black "Raparthi, Ankit"]
[Result "0-1"]
[WhiteElo "1913"]
[BlackElo "1924"]
[PlyCount "43"]
[EventDate "2023.07.06"]
[EventType "tourn"]
[EventRounds "9"]
[EventCountry "USA"]
[SourceTitle "EXT 2024"]
[Source "ChessBase"]
[SourceDate "2023.10.10"]
[SourceVersion "1"]
[SourceVersionDate "2023.10.10"]
[SourceQuality "1"]

1. d4 Nf6 2. Nf3 d5 3. Bf4 c5 4. e3 Nc6 5. Nbd2 cxd4 6. exd4 Bf5 7. Bb5 Rc8 8. Ne5 Qb6 9. Qe2 e6 10. g4 Be4 11. f3 Bg6 12. c3 a6 13. Bxc6+ bxc6 14. h4 Be7 15. Nb3 Qb5 16. Qd1 h5 17. Nxg6 fxg6 18. Qc2 Kf7 19. 0-0-0 a5 20. Rdg1 hxg4 21. fxg4 Nd7 22. Nd2 0-1

[Event "New York qual"]
[Site "New York"]
[Date "2023.07.06"]
[Round "1"]
[White "Nasta, Kiren Vivek"]
[Black "Raparthi, Ankit"]
[Result "0-1"]
[WhiteElo "2008"]
[BlackElo "1924"]
[PlyCount "46"]
[EventDate "2023.07.06"]
[EventType "tourn"]
[EventRounds "9"]
[EventCountry "USA"]
[SourceTitle "EXT 2024"]
[Source "ChessBase"]
[SourceDate "2023.10.10"]
[SourceVersion "1"]
[SourceVersionDate "2023.10.10"]
[SourceQuality "1"]

1. e4 c6 2. d4 d5 3. Nc3 dxe4 4. Nxe4 Nf6 5. Nxf6+ exf6 6. c3 Bd6 7. Bd3 0-0 8. Qc2 Re8+ 9. Ne2 h5 10. Be3 Nd7 11. 0-0-0 Nf8 12. Kb1 Be6 13. c4 Rc8 14. a3 b5 15. c5 Bc7 16. Nc3 Qd7 17. d5 Bxd5 18. Nxd5 cxd5 19. c6 Qd6 20. Bxb5 Rb8 21. Qd3 a6 22. Ba4 Ng6 23. Bb3 Ne5 0-1

[Event "Pan American-ch U16"]
[Site "Guayaquil"]
[Date "2019.07.26"]
[Round "8"]
[White "Raparthi, Ankit"]
[Black "Tomiello, Mateus Costamilan"]
[Result "0-1"]
[WhiteElo "1860"]
[BlackElo "2114"]
[PlyCount "82"]
[EventDate "2019.07.21"]
[EventType "swiss"]
[EventRounds "9"]
[EventCountry "ECU"]
[SourceTitle "EXT 2020"]
[Source "ChessBase"]
[SourceDate "2019.10.17"]
[SourceVersion "1"]
[SourceVersionDate "2019.10.17"]
[SourceQuality "1"]

1. d4 Nf6 2. c4 g6 3. Nc3 Bg7 4. e4 d6 5. f3 0-0 6. Be3 e5 7. d5 c6 8. Qd2 cxd5 9. cxd5 a6 10. Bh6 Nxe4 11. Nxe4 Qh4+ 12. g3 Qxh6 13. Qxh6 Bxh6 14. Nxd6 Nd7 15. Ne2 Nb6 16. Nc3 Rd8 17. Nc4 Nxc4 18. Bxc4 b5 19. Bb3 Be3 20. Ke2 Bd4 21. Rhd1 Bb7 22. Rd2 Rac8 23. Ne4 Kg7 24. Rad1 Bb6 25. f4 exf4 26. gxf4 Re8 27. Kf3 Rcd8 28. Re2 h6 29. Nc3 Rxe2 30. Nxe2 b4 31. Ng3 f5 32. Rd3 a5 33. Bc4 Kf6 34. a3 Rc8 35. Ba2 Rc2 36. Nh1 Rxb2 37. Bc4 Rxh2 38. Rd1 Rc2 39. Re1 Rxc4 40. Re6+ Kf7 41. Rxb6 Bxd5+ 0-1

[Event "Pan American-ch U16"]
[Site "Guayaquil"]
[Date "2019.07.22"]
[Round "2"]
[White "Raparthi, Ankit"]
[Black "Hakanson, Ian"]
[Result "0-1"]
[WhiteElo "1860"]
[BlackElo "1914"]
[PlyCount "134"]
[EventDate "2019.07.21"]
[EventType "swiss"]
[EventRounds "9"]
[EventCountry "ECU"]
[SourceTitle "EXT 2020"]
[Source "ChessBase"]
[SourceDate "2019.10.17"]
[SourceVersion "1"]
[SourceVersionDate "2019.10.17"]
[SourceQuality "1"]

1. d4 d5 2. c4 e6 3. Nf3 Nf6 4. g3 Be7 5. Bg2 0-0 6. 0-0 dxc4 7. Qc2 Bd7 8. Bg5 Bc6 9. Qxc4 h6 10. Bxf6 Bxf6 11. Nc3 Nd7 12. e4 g6 13. Rfd1 Qe7 14. h4 Rfd8 15. Qe2 Bg7 16. Qe3 Nf6 17. Bf1 Rac8 18. Bc4 Qb4 19. Bb3 Qa5 20. Ne5 Be8 21. Qf3 c5 22. d5 Qc7 23. Nc4 b5 24. Ne3 c4 25. Bc2 b4 26. Ne2 exd5 27. exd5 Qe5 28. Rd4 Bb5 29. Rad1 Ne8 30. b3 cxb3 31. Bxb3 a5 32. Rf4 Nd6 33. Nd4 g5 34. hxg5 hxg5 35. Ng4 Qe7 36. Nf6+ Bxf6 37. Rxf6 Rc3 38. Rxd6 Rxf3 39. Rxd8+ Qxd8 40. Nxb5 Rf6 41. Nd4 Qd7 42. Nc6 Rh6 43. Kg2 Qh3+ 44. Kf3 Qf5+ 45. Ke3 Qd7 46. Rd4 Kf8 47. Re4 Rh1 48. Kd4 Qd6 49. Ba4 Rf1 50. Re2 Qf6+ 51. Ke3 Qc3+ 52. Ke4 Re1 53. Re3 Qc4+ 54. Nd4 Rxe3+ 55. fxe3 Qxa2 56. Bb3 Qb1+ 57. Bc2 Qh1+ 58. Ke5 Qg2 59. d6 Qxg3+ 60. Kd5 Qg2+ 61. Ke5 Ke8 62. Ba4+ Kf8 63. d7 Qh2+ 64. Kd5 Ke7 65. Nf5+ Kd8 66. Nd6 Qa2+ 67. Ke5 Qe6+ 0-1

[Event "Foxwoods op 13th"]
[Site "Ledyard"]
[Date "2019.04.19"]
[Round "4"]
[White "Yanayt, Eugene"]
[Black "Raparthi, Ankit"]
[Result "1-0"]
[WhiteElo "2268"]
[BlackElo "1880"]
[PlyCount "43"]
[EventDate "2019.04.17"]
[EventType "swiss"]
[EventRounds "9"]
[EventCountry "USA"]
[SourceTitle "CBM 189 Extra"]
[Source "ChessBase"]
[SourceDate "2019.06.03"]
[SourceVersion "1"]
[SourceVersionDate "2019.06.03"]
[SourceQuality "1"]

1. d4 d5 2. c4 c6 3. Nf3 Nf6 4. Nc3 e6 5. g3 Be7 6. Bg2 0-0 7. 0-0 Nbd7 8. Qd3 b6 9. e4 dxe4 10. Nxe4 Bb7 11. Nc3 Qc7 12. Rd1 Rfd8 13. Qe2 Nf8 14. Rb1 c5 15. Bf4 Qc8 16. d5 Ne8 17. Bh3 Nd6 18. Rd2 Kh8 19. Rbd1 Ng6 20. Bg5 Bxg5 21. Nxg5 h6 22. dxe6 1-0

[Event "New York Int op 11th"]
[Site "New York"]
[Date "2018.06.17"]
[Round "8"]
[White "Marin, Sam"]
[Black "Raparthi, Ankit"]
[Result "1-0"]
[WhiteElo "2039"]
[BlackElo "1826"]
[PlyCount "39"]
[EventDate "2018.06.13"]
[EventType "swiss"]
[EventRounds "9"]
[EventCountry "USA"]
[SourceTitle "CBM 185 Extra"]
[Source "ChessBase"]
[SourceDate "2018.07.29"]
[SourceVersion "1"]
[SourceVersionDate "2018.07.29"]
[SourceQuality "1"]

1. c4 c5 2. Nc3 Nc6 3. g3 g6 4. Bg2 Bg7 5. Rb1 e6 6. a3 Nge7 7. b4 0-0 8. Nf3 d6 9. 0-0 b6 10. e3 Bb7 11. d4 a6 12. bxc5 dxc5 13. Na4 cxd4 14. Nxb6 Rb8 15. c5 e5 16. exd4 exd4 17. Bf4 Nd5 18. Nxd5 Qxd5 19. Bxb8 Rxb8 20. Nxd4 1-0

[Event "New York Int op 11th"]
[Site "New York"]
[Date "2018.06.16"]
[Round "6"]
[White "Raparthi, Ankit"]
[Black "Cadavid, Juan Miguel"]
[Result "0-1"]
[WhiteElo "1826"]
[BlackElo "2009"]
[PlyCount "80"]
[EventDate "2018.06.13"]
[EventType "swiss"]
[EventRounds "9"]
[EventCountry "USA"]
[SourceTitle "CBM 185 Extra"]
[Source "ChessBase"]
[SourceDate "2018.07.29"]
[SourceVersion "1"]
[SourceVersionDate "2018.07.29"]
[SourceQuality "1"]

1. d4 d5 2. c4 e6 3. Nf3 Nf6 4. g3 Bb4+ 5. Bd2 Be7 6. Bg2 0-0 7. 0-0 c6 8. Nc3 b6 9. b3 Ba6 10. Ne5 Nfd7 11. Nxd7 Nxd7 12. Bf4 Rc8 13. cxd5 cxd5 14. Rc1 Ba3 15. Rc2 Bb4 16. Bd2 Qe7 17. Re1 f5 18. Nb1 Rxc2 19. Qxc2 Rc8 20. Qb2 Bd6 21. Rc1 Rxc1+ 22. Bxc1 Nf6 23. Qc2 h6 24. f3 Kf7 25. e4 fxe4 26. fxe4 e5 27. dxe5 Bc5+ 28. Kh1 Nxe4 29. Bxe4 dxe4 30. Bb2 e3 31. Qf5+ Kg8 32. Kg2 e2 33. Bc3 Qb7+ 34. Kh3 Qh1 35. Qe6+ Kh8 36. Qe8+ Kh7 37. e6 Qf1+ 38. Kh4 e1Q 39. Bxe1 g5+ 40. Kg4 Be2# 0-1

[Event "Wch U14"]
[Site "Montevideo"]
[Date "2017.09.26"]
[Round "11"]
[White "Raparthi, Ankit"]
[Black "Vazquez, Facundo"]
[Result "1-0"]
[WhiteElo "1595"]
[BlackElo "1884"]
[PlyCount "138"]
[EventDate "2017.09.17"]
[EventType "swiss"]
[EventRounds "11"]
[EventCountry "URU"]
[SourceTitle "EXT 2018"]
[Source "ChessBase"]
[SourceDate "2017.10.13"]
[SourceVersion "1"]
[SourceVersionDate "2017.10.13"]
[SourceQuality "1"]

1. d4 Nf6 2. c4 g6 3. Nc3 Bg7 4. e4 d6 5. Nf3 0-0 6. Be2 Na6 7. Bf4 c6 8. 0-0 Nh5 9. Be3 e5 10. Qd2 Qc7 11. Ne1 Nf6 12. f3 Be6 13. d5 Bc8 14. Nd3 Ne8 15. b4 f5 16. c5 f4 17. Bf2 g5 18. a3 g4 19. fxg4 Nf6 20. h3 cxd5 21. exd5 Bd7 22. cxd6 Qxd6 23. b5 e4 24. Qxf4 Qxf4 25. Nxf4 Nc7 26. Bc5 Rfc8 27. Rac1 Bh6 28. Bd4 Bxf4 29. Rxf4 Ncxd5 30. Rxf6 Nxf6 31. Bxf6 Be8 32. Re1 Bg6 33. Bd1 Kf7 34. g5 Re8 35. Bb3+ Kf8 36. Nd5 Bf7 37. Re3 Rac8 38. Bc3 Red8 39. Bb4+ Kg7 40. Ne7 Rc1+ 41. Kh2 Rd3 42. Bxf7 Rxe3 43. Nf5+ Kxf7 44. Nxe3 Ke6 45. Kg3 Ke5 46. Ng4+ Kd4 47. Bd2 Ra1 48. Be3+ Kd3 49. Bxa7 Rxa3 50. Be3 Ra5 51. b6 Rf5 52. h4 Rf8 53. h5 Rg8 54. Nf6 Rg7 55. Kf4 Rf7 56. Bc5 Kc4 57. Ba3 Kd3 58. Kf5 e3 59. Bb4 e2 60. g6 hxg6+ 61. hxg6 Re7 62. Nd5 Rd7 63. Nf4+ Ke3 64. Nxe2 Kxe2 65. Kf6 Kf2 66. g7 Rxg7 67. Kxg7 Kxg2 68. Kf6 Kf3 69. Ke6 Ke4 1-0

[Event "Wch U14"]
[Site "Montevideo"]
[Date "2017.09.22"]
[Round "6"]
[White "Ibarra, Juan Martin"]
[Black "Raparthi, Ankit"]
[Result "0-1"]
[WhiteElo "1921"]
[BlackElo "1595"]
[PlyCount "84"]
[EventDate "2017.09.17"]
[EventType "swiss"]
[EventRounds "11"]
[EventCountry "URU"]
[SourceTitle "CBM 180 Extra"]
[Source "ChessBase"]
[SourceDate "2017.10.06"]
[SourceVersion "1"]
[SourceVersionDate "2017.10.06"]
[SourceQuality "1"]

1. e4 e5 2. Nf3 Nc6 3. d4 exd4 4. Nxd4 Bc5 5. Be3 Qf6 6. c3 Nge7 7. Bc4 0-0 8. 0-0 Bb6 9. Kh1 Rd8 10. f4 d5 11. e5 Qh6 12. Bd3 Nxe5 13. fxe5 Qxe3 14. Re1 Qh6 15. Nd2 a6 16. Qc2 c5 17. N4f3 c4 18. Be2 Nf5 19. Nf1 Be6 20. b3 Bf2 21. Red1 cxb3 22. axb3 Ng3+ 23. Nxg3 Bxg3 24. Kg1 Qe3+ 25. Kh1 Bxe5 26. Rd3 Qe4 27. Ra4 Qf5 28. Nh4 Qf6 29. Rf3 Qe7 30. Nf5 Bxf5 31. Rxf5 g6 32. Rf2 Qc5 33. Rf3 d4 34. Rc4 Qa5 35. Ra4 Qc7 36. Qe4 dxc3 37. Rc4 Qd6 38. Rd3 Qf6 39. Qxb7 Qf2 40. Qf3 Qxf3 41. Rxf3 Rd2 42. Re3 c2 0-1